Méthodes actuelles de direction des entreprises: essentials of management

Uloženo v:
Podrobná bibliografie
Hlavní autor: Massie, Joseph L. (autor)
Médium: Kniha
Jazyk:francouzština
Vydáno: París D'Organisation 1967
Témata:
Tagy: Přidat tag
Žádné tagy, Buďte první, kdo vytvoří štítek k tomuto záznamu!

MARC

LEADER 00000nam a2200000 a 4500
001 UCR9648
003 CL-VaPUC
008 980613e19670000FR |||||||||||||||||fre|d
082 0 4 |a 658.4  |b MAS  |2 21 
100 |a Massie, Joseph L.  |e autor  |9 412400 
245 1 0 |a Méthodes actuelles de direction des entreprises: essentials of management 
300 |a 237 p 
942 |c BK 
945 |d 19980613 00:00:00  |a cmena 
260 |a París  |b D'Organisation  |c 1967 
650 0 |a Administración de empresas   |9 260833 
650 0 |a Administradores  |9 342221 
650 0 |a Aspectos morales   |9 256217 
650 0 |a Aspectos sociales  |9 254894 
650 0 |a Toma de decisiones   |9 257530 
650 7 |a FORMULACION DE POLITICAS  |2 CL-VaPUC  |9 412242 
650 7 |a PLANIFICACION Y CONTROL  |2 CL-VaPUC  |9 412399 
650 0 |a Estructura organizacional   |9 390800 
650 0 |a Gestión   |9 260993 
650 7 |a EMPRESAS PRIVADAS  |2 CL-VaPUC  |9 314122 
583 |a last modification  |c 19980613 00:00:00  |k Rodrigo Vera 
999 |c 270833  |d 270831 
952 |0 0  |1 0  |4 0  |6 658_400000000000000_MAS_1967  |7 0  |8 P  |9 305246  |a BIBGIM  |b BIBGIM  |d 2019-11-20  |i 1419951  |o 658.4 MAS 1967  |p 1419951  |r 2025-01-15  |w 2019-11-20  |y BK  |k COM